DJ par musiques - Statistiques

Statistiques générales
  • Ce quiz a été pris 328 fois
  • Le résultat moyen est 15 sur 45
Statistiques - réponses
Hint Réponse % Correct
"I'm Good (Blue)", "Titanium", "Play Hard" David Guetta
99%
"Wake Me Up", "Levels", "Hey Brother" Avicii
90%
"Let Me Love You", "Taki Taki", "Turn Down for What" DJ Snake
87%
"One Kiss", "This Is What You Came For", "Summer" Calvin Harris
80%
"Get Lucky", "One More Time", "Around the World" Daft Punk
73%
"Animals", "In the Name of Love", "Wizard" Martin Garrix
72%
"This Girl", "Never Going Home", "Don't You Know" Kungs
55%
"Faded", "Alone", "Not You" Alan Walker
54%
"Happier", "FRIENDS, "Stars" Marshmello
52%
"Alone", "Sunset Lover", "Night Trouble" Petit Biscuit
50%
"Intoxicated", "Hello", "Places" Martin Solveig
48%
"Something Just Like This", "Closer", "Don't Let Me Down" The Chainsmokers
48%
"Nightcall", "Roadgame", "Odd Look" Kavinsky
47%
"World Hold On", Love Generation", Rock This Party" Bob Sinclar
46%
"Watch Out For This (Bumaye)", "Come On To Me", "Lean On" Major Lazer
45%
"Be Mine", "Katchi", "Rock It" Ofenbach
42%
"Firestone", "It Ain't Me", "Stole the Show" Kygo
38%
"Wild Thoughts", "I'm the One", "POPSTAR" DJ Khaled
34%
"Rockabye", "Rather Be", "Symphony" Clean Bandit
32%
"D.A.N.C.E", "Genesis", "We Are Your Friends" Justice
32%
"Bangarang", "Make It Bun Dem", "First of the Year" Skrillex
31%
"Midnight City", "Do It, Try It", "Outro" M83
29%
"Le temps est bon", "Fio Maravilha", "L'amour, l'amour, l'amour" Bon Entendeur
27%
"Goodbye", "Breathe", "Lordly" Feder
27%
"Wasted", "Jackie Chan", "Hot In It" Tiësto
26%
"Sugar", "Sun Goes Down", "OK" Robin Schulz
25%
"Uptown Funk", "Nothing Breaks Like a Heart", "Truth" Mark Ronson
24%
"Call on Me", "Pjanoo", "We Are Mirage" Eric Prydz
18%
"(It Goes Like) Nanana", "It Makes You Forget (Itgehane)", "Starry Night" Peggy Gou
18%
"Canopée", "Ani Kuni", "Nanã" Polo & Pan
18%
"Bailar", "Five More Hours", "Pica" Deorro
17%
"Substitution", "Devil in Me", "Hypnotized" Purple Disco Machine
17%
"Fade Out Lines", "Castle In The Snow", "You Belong" The Avener
17%
"Words", "Heroes", "REMEDY" Alesso
16%
"Delirious (Boneless)", "Voices In My Head", "Waste It On Me" Steve Aoki
15%
"Like That", "Too Many Nights", "Am I Dreaming" Metro Boomin
13%
"Hear Me Now", "Deep Down", "Jungle" Alok
12%
"Baby I'm Yours", "My Toy", "Get Lost" Breakbot
12%
"Déconnectés", "C'est une frappe", "Dubaï to Amsterdam" DJ Hamida
12%
"The Middle", "Stay", "Good Thing" Zedd
12%
"Lost in the Fire", "Opr", "Aleph" Gesaffelstein
9%
"In My Mind", "Hangover", "Rockstar" Dynoro
7%
"Com'dab", "Jour J", "Soirée" DJ Kayz
3%
"Brave", "Back To Us", "Smalltown Boy" Don Diablo
3%
"Sunlight", "Shy", "Love Break" The Magician
3%
Aucun quiz correspondant
Distribution des résultats
% des personnes avec chaque résultat
Percentile par nombre de réponses
Votre historique - résultats
Vous n’avez pas pris ce quiz